00824nam a2200205Ia 4500008004100000020002200041035000900063040004400072041000800116042001000124084002900134100002300163245002600186264005900212300001000271336002600281337002800307338002700335650025600362240619s9999 xx 000 0 und d a978-9919-517-42-7 a7343 aGS0142000bmoncMN-UlNLMdMN-UlNLMerda amon a12539 2NNAa84(5Мон)bТ-594 aТөрмөнх Б. 0aД.Нацагдорж aУлаанбаатарbМон судар ХХКc2022 a63х. 2rdacontentatextbtxt 2rdamediaaunmediatedbn 2rdacarrieravolumebnc aНацагдорж нь харанхуй бүдүүлэг ард олны дунд, үзэл суртлын хүнд хатуу буулган доор нийгмийг соён гэгээрүүлэх их үйлсэд эцсийн ам...